00538nam a2200181Ia 4500008004100000082001600041100002400057245002900081250000800110260003700118300001300155500002400168650001200192700002300204942000700227952010500234999001700339230524s9999 xx 000 0 und d a401.11bALL aRobert Allen916781 4aThe Chambers Dictionary a1ST aNEW DELHIbAllied Chambersc2005 aXXXI;984 aQuantity Number: 1 aEnglish a Catherine Schwarz cBK 00104070aTATCLbTATCLcGENd2023-05-24l0o401.11 ALLp6783r2023-05-24w2023-05-24yBKzBCSE3304 c25234d25234